[Event "Lagan Spring IM"]
[Site "Lagan"]
[Date "2019.04.01"]
[Round "1"]
[White "Strebkovs, Andrejs"]
[Black "Zakharov, Roman"]
[Result "1-0"]
[WhiteElo "2262"]
[BlackElo "2188"]
[PlyCount "31"]
[EventDate "2019.04.01"]
[EventType "tourn"]
[EventRounds "9"]
[EventCountry "RUS"]
[EventCategory "2"]
[SourceTitle "CBM 189 Extra"]
[Source "ChessBase"]
[SourceDate "2019.05.31"]
[SourceVersion "1"]
[SourceVersionDate "2019.05.31"]
[SourceQuality "1"]

1. Nf3 d5 2. g3 b5 3. Bg2 Bb7 4. 0-0 c5 5. d4 c4 6. Ne5 e6 7. e4 dxe4 8. Nc3 a6 9. Nxe4 Ra7 10. Nxf7 Kxf7 11. Ng5+ Ke7 12. Bxb7 Rxb7 13. Qf3 Qd5 14. Qf7+ Kd8 15. Qxf8+ Kc7 16. Qxg7+ 1-0

[Event "Cherkessk Habez"]
[Site "Cherkessk"]
[Date "2014.07.18"]
[Round "9"]
[White "Bagrationi, Alexander"]
[Black "Zakharov, Roman"]
[Result "1-0"]
[WhiteElo "2487"]
[BlackElo "2256"]
[PlyCount "47"]
[EventDate "2014.07.11"]
[EventType "tourn"]
[EventRounds "9"]
[EventCountry "RUS"]
[EventCategory "7"]
[SourceTitle "CBM 161 Extra"]
[Source "ChessBase"]
[SourceDate "2014.08.29"]
[SourceVersion "1"]
[SourceVersionDate "2014.08.29"]
[SourceQuality "1"]

1. e4 e6 2. d4 d5 3. Nc3 Bb4 4. Nge2 dxe4 5. a3 Be7 6. g4 f5 7. gxf5 exf5 8. Rg1 g6 9. Bf4 Nf6 10. d5 0-0 11. Qd2 Na6 12. 0-0-0 Bd6 13. Nb5 Bxf4 14. Nxf4 c6 15. Nxg6 hxg6 16. Rxg6+ Kf7 17. Qg5 Rg8 18. Rxg8 Qxg8 19. Nd6+ Ke7 20. Nxc8+ Rxc8 21. d6+ Kd7 22. Qxf5+ Qe6 23. Qxe6+ Kxe6 24. Bh3+ 1-0

[Event "Cherkessk Habez"]
[Site "Cherkessk"]
[Date "2014.07.17"]
[Round "8"]
[White "Zakharov, Roman"]
[Black "Kiselev, Vitaliy1"]
[Result "0-1"]
[WhiteElo "2256"]
[BlackElo "2514"]
[PlyCount "48"]
[EventDate "2014.07.11"]
[EventType "tourn"]
[EventRounds "9"]
[EventCountry "RUS"]
[EventCategory "7"]
[SourceTitle "CBM 161 Extra"]
[Source "ChessBase"]
[SourceDate "2014.08.29"]
[SourceVersion "1"]
[SourceVersionDate "2014.08.29"]
[SourceQuality "1"]

1. e4 c5 2. b3 Nc6 3. Bb2 e5 4. f4 exf4 5. Qf3 Nd4 6. Bxd4 cxd4 7. Qxf4 Qf6 8. Ne2 Bd6 9. Qxf6 Nxf6 10. d3 Bb4+ 11. Nd2 d5 12. exd5 Nxd5 13. a3 Ne3 14. axb4 Nxc2+ 15. Kf2 Nxa1 16. Nxd4 a5 17. bxa5 Rxa5 18. Be2 0-0 19. b4 Ra2 20. Ne4 Nc2 21. Nc3 Ra6 22. Nxc2 Rc6 23. Ne4 Rxc2 24. Re1 Rd8 0-1

[Event "Cherkessk Habez"]
[Site "Cherkessk"]
[Date "2014.07.16"]
[Round "7"]
[White "Akbaev, Kazbek"]
[Black "Zakharov, Roman"]
[Result "1-0"]
[WhiteElo "2470"]
[BlackElo "2256"]
[PlyCount "43"]
[EventDate "2014.07.11"]
[EventType "tourn"]
[EventRounds "9"]
[EventCountry "RUS"]
[EventCategory "7"]
[SourceTitle "CBM 161 Extra"]
[Source "ChessBase"]
[SourceDate "2014.08.29"]
[SourceVersion "1"]
[SourceVersionDate "2014.08.29"]
[SourceQuality "1"]

1. e4 d6 2. d4 Nf6 3. Nc3 g6 4. f4 Bg7 5. Nf3 0-0 6. e5 Nfd7 7. h4 c5 8. h5 cxd4 9. Qxd4 Nc6 10. Qf2 dxe5 11. hxg6 hxg6 12. Qh4 Nf6 13. fxe5 Nh5 14. g4 Nxe5 15. Nxe5 Bxe5 16. gxh5 Qc7 17. Ne4 Bf5 18. hxg6 Bxg6 19. Bf4 Qa5+ 20. c3 Bxe4 21. Qg5+ Bg6 22. Bxe5 1-0

[Event "Dombai"]
[Site "Dombai"]
[Date "2014.01.11"]
[Round "5"]
[White "Rozhkov, Dmitry"]
[Black "Zakharov, Roman"]
[Result "1-0"]
[WhiteElo "2062"]
[BlackElo "2305"]
[PlyCount "77"]
[EventDate "2014.01.09"]
[EventType "tourn"]
[EventRounds "9"]
[EventCountry "RUS"]
[EventCategory "7"]
[SourceTitle "CBM 158 Extra"]
[Source "ChessBase"]
[SourceDate "2014.02.28"]
[SourceVersion "1"]
[SourceVersionDate "2014.02.28"]
[SourceQuality "1"]

1. d4 d5 2. c4 dxc4 3. Nf3 Nf6 4. e3 e6 5. Bxc4 c5 6. 0-0 a6 7. Bb3 Nc6 8. Qe2 cxd4 9. Rd1 Be7 10. Nc3 0-0 11. exd4 Na5 12. Bc2 b5 13. Ne4 Nd5 14. Neg5 h6 15. Qd3 f5 16. Nh3 Nb4 17. Qe2 Nxc2 18. Qxc2 Bb7 19. Ne5 Rc8 20. Qe2 Bf6 21. Nf4 Qd6 22. b3 Rfd8 23. Bb2 Bd5 24. Qh5 Rc7 25. Rac1 Nc6 26. Nxd5 Qxd5 27. Rc5 Qd6 28. Rdc1 Bxe5 29. dxe5 Qd2 30. R5c2 Qd5 31. h3 Rdc8 32. Rd1 Qe4 33. Re2 Qf4 34. Qg6 Re7 35. Rd6 Nd8 36. Rxa6 Rec7 37. f3 Rc2 38. Ra7 Rc1+ 39. Kf2 1-0